000 00437nam a2200181Ia 4500
001 20626
005 20260306172819.0
008 260306t2016||||xx |||||||||||||| ||spa||
041 _aESP
082 _a343.6
_bB73
100 _aBon, Pierre
_eAUT
245 0 _aDerecho administrativo y justicia constitucional
260 _c2016
300 _a199 páginas :
_c20 cm.
650 _aGEN
654 _aCDE
942 _cLIB
_dJUS
_fJUS
_2ddc
_n
999 _c20626
_d20626